Library Banner

Mohsin bazaban Mohsin = محسن بزبان محسن / (Record no. 128100)

MARC details
000 -LEADER
fixed length control field 00553nam a22001577a 4500
005 - DATE AND TIME OF LATEST TRANSACTION
control field 20220829120310.0
008 - FIXED-LENGTH DATA ELEMENTS--GENERAL INFORMATION
fixed length control field 220829b ||||| |||| 00| 0 eng d
040 ## - CATALOGING SOURCE
Transcribing agency PK-LaUMT
082 ## - DEWEY DECIMAL CLASSIFICATION NUMBER
Classification number APC 297.4092
Item number MOH-M
100 ## - MAIN ENTRY--PERSONAL NAME
Personal name Mohsin Munawar Yusif, Muhammad = محسن منور یوسفی، محمد
245 ## - TITLE STATEMENT
Title Mohsin bazaban Mohsin = محسن بزبان محسن /
Statement of responsibility, etc by Muhammad Mohsin Munawar Yusufi = محمد محسن منور یوسفی
250 ## - EDITION STATEMENT
Edition statement 5th ed.
260 ## - PUBLICATION, DISTRIBUTION, ETC. (IMPRINT)
Place of publication, distribution, etc Lahore :
Name of publisher, distributor, etc Maktabah Mohsin,
Date of publication, distribution, etc 2016
300 ## - PHYSICAL DESCRIPTION
Extent 190 p.
942 ## - ADDED ENTRY ELEMENTS (KOHA)
Koha item type Books
Holdings
Withdrawn status Lost status Damaged status Home library Current library Date acquired Full call number Barcode Date last seen Price effective from Koha item type
      UMT Main Campus UMT Main Campus 2022-08-29 APC 297.4092 MOH-M 143682 2022-08-29 2022-08-29 Books